000 00335nam a22001457a 4500
003 SGT
020 _a978-81-312-03828
082 _a615.1901, A12B
100 _aBRITTAIN, G.
245 _aANALYTICAL PROFILES OF DRUG SUBSTANCES AND EXCIPIENTS
260 _aDELHI
_bELSEVIER
_c2008
300 _a696
650 _aDRUG
942 _2ddc
_cBK
999 _c8165
_d8165